The Kesavananda Bharati case : (Record no. 94868)
[ view plain ]
| 000 -LEADER | |
|---|---|
| fixed length control field | 01783nam a22002657a 4500 |
| 005 - DATE AND TIME OF LATEST TRANSACTION | |
| control field | 20150902120248.0 |
| 010 ## - LCCN (DPL NO) | |
| LC control number | ENG-113452 |
| 020 ## - INTERNATIONAL STANDARD BOOK NUMBER | |
| Terms of availability | 295.00 |
| International Standard Book Number | 9789350351406 |
| 035 ## - SYSTEM CONTROL NUMBER | |
| System control number | EN-96984 |
| 037 ## - SOURCE OF ACQUISITION | |
| Source of stock number/acquisition | DBAD/PUB |
| 082 ## - DEWEY DECIMAL CLASSIFICATION NUMBER | |
| Classification number | 342.54085 |
| 100 ## - MAIN ENTRY--PERSONAL NAME | |
| Personal name | Andhyarujina, T. R. |
| 245 ## - TITLE STATEMENT | |
| Title | The Kesavananda Bharati case : |
| Statement of responsibility, etc | by T.R. Andhyarujina |
| Remainder of title | the untold story of struggle for surpremacy by Supreme Court and parliment / |
| 260 ## - PUBLICATION, DISTRIBUTION, ETC. (IMPRINT) | |
| Place of publication, distribution, etc | Delhi |
| Name of publisher, distributor, etc | Universal Law Publishing |
| Date of publication, distribution, etc | 2012 |
| 270 ## - ADDRESS | |
| Address | A-58, G.T. Karnal Road Industrial Area, |
| City | Delhi |
| Postal code | 110033 |
| 300 ## - PHYSICAL DESCRIPTION | |
| Extent | xi,152p. |
| Dimensions | 23cm(Hb) |
| 500 ## - GENERAL NOTE | |
| General note | Includes index |
| 505 ## - FORMATTED CONTENTS NOTE | |
| Formatted contents note | The political overtones of the Kesavananda case -- |t Tensions and conflicts in the case -- |t Justice beg’s [sic] illness and hospitalization -- |t Was there a ratio in Kesavananda case that "Parliament has no power to amend the basic structure of the Constitution"? -- |t Did Justice Chandrachud change his judgment? -- |t Were fundamental rights held to be a part of the basic structure in the Kesavananda case? -- |t The immediate response of government to the Kesavananda judgments -- |t How the Kesavananda case survived an attempt to reverse it by the court -- |t Parliament/governments [sic] attempt to overcome the Kesavananda "majority view" -- |t Did the Supreme Court or Parliament prevail in the struggle for supremacy? -- |t Basic structure later distilled by the Supreme Court -- |g Conclusion. |
| 600 ## - SUBJECT ADDED ENTRY--PERSONAL NAME | |
| Personal name | Kēśavānandabhāratī, |
| General subdivision | Trials, litigation, etc. |
| 650 ## - SUBJECT ADDED ENTRY--TOPICAL TERM | |
| Topical term or geographic name as entry element | Civil rights |
| Geographic subdivision | India. |
| 650 ## - SUBJECT ADDED ENTRY--TOPICAL TERM | |
| Topical term or geographic name as entry element | Constitutional amendments |
| Geographic subdivision | India. |
| 650 ## - SUBJECT ADDED ENTRY--TOPICAL TERM | |
| Topical term or geographic name as entry element | Legislative bodies |
| Geographic subdivision | India |
| General subdivision | Privileges and immunities. |
| 650 ## - SUBJECT ADDED ENTRY--TOPICAL TERM | |
| Topical term or geographic name as entry element | Political questions and judicial power |
| Geographic subdivision | India. |
| 942 ## - ADDED ENTRY ELEMENTS (KOHA) | |
| Source of classification or shelving scheme | Dewey Decimal Classification |
| Item type | English Books |
| Call number suffix | AND |
| Classification part | 342.54085 |
| Withdrawn status | Lost status | Not for loan | Collection code | Home library | Current library | Date acquired | Source of acquisition | Cost, normal purchase price | Full call number | Barcode | Copy number | Cost, replacement price | Koha item type |
|---|---|---|---|---|---|---|---|---|---|---|---|---|---|
| Not For Loan | Non-fiction | D.B.Act.Division | D.B.Act.Division | 13/07/2015 | DBAD/PUB | 295.00 | 342.54085 AND | EN-96984 | 1 | 295.00 | English Books |
